000 00767nam a22002177a 4500
999 _c516
_d516
003 AR-CdUCM
008 190223b ||||| |||| 00| 0 eng d
020 _a8472321355
040 _aMUNICIPALIDAD PROVINCIAL DEL CUSCO
_cBIBLIOTECA MUNICIPAL DEL CUSCO
082 _a868.6 /
_bR94
100 _aRuiz Sanchez, Jose
_92003
245 _aEl ojo de la cerradura /
260 _aMadrid :
_bEdiciones cultura hispánica;
_c1977.
300 _a58 paginas ;
_c20cm.
505 _aViaje hacia el oráculo -- El otro ruido del viento -- El ojo de la cerradura -- Monasterio de las huelgas -- Alguien baja la voz ...
650 _aCultura hispánica
_92004
650 _aPoesías españolas
_92005
650 _aSiglo XX
_98
942 _2ddc
_cLIBROS
945 _arum
_d2019-02-23